000
00243nam a2200109Ia 4500
008
190216s9999||||xx |||||||||||||| ||und||
100
_a
Achuthan M
245
0
_a
Vivechanam
260
_b
Current Books
650
_a
Essay Malayalam
942
_c
BK
999
_c
23657
_d
23657